| 000 | 00390nam a2200157Ia 4500 | ||
|---|---|---|---|
| 003 | Ost | ||
| 005 | 20260225132539.0 | ||
| 008 | 260225s9999||||xx |||||||||||||| ||und|| | ||
| 040 | _cfsic | ||
| 041 | _afre | ||
| 082 | _a302.2 | ||
| 100 |
_aMichel rossinelli _eAuteur |
||
| 245 | 0 | _aLa liberté de la radio-télévision en droit comparé / | |
| 245 | 0 | _cMichel rossinelli | |
| 942 | _cكتاب | ||
| 999 |
_c33416 _d33416 |
||